LEADER 03263nam 22006494a 450 001 9910458071303321 005 20200520144314.0 010 $a1-317-14380-9 010 $a1-317-14379-5 010 $a1-281-09706-3 010 $a9786611097066 010 $a0-7546-8089-4 035 $a(CKB)1000000000401880 035 $a(EBL)429620 035 $a(OCoLC)437113462 035 $a(SSID)ssj0000147082 035 $a(PQKBManifestationID)11161772 035 $a(PQKBTitleCode)TC0000147082 035 $a(PQKBWorkID)10010946 035 $a(PQKB)10967461 035 $a(MiAaPQ)EBC429620 035 $a(Au-PeEL)EBL429620 035 $a(CaPaEBR)ebr10211196 035 $a(CaONFJC)MIL919194 035 $a(EXLCZ)991000000000401880 100 $a20060216d2006 uy 0 101 0 $aeng 135 $aur|n|---||||| 181 $ctxt 182 $cc 183 $acr 200 00$aEnding Africa's wars$b[electronic resource] $eprogressing to peace /$fedited by Oliver Furley and Roy May 210 $aAldershot, England ;$aBurlington, VT $cAshgate$dc2006 215 $a1 online resource (258 p.) 300 $aDescription based upon print version of record. 311 $a0-7546-3932-0 320 $aIncludes bibliographical references and index. 327 $aAfrica's wars : overview, causes and the challenges of conflict transformation / Richard Jackson -- Post-settlement governance programmes : what is being built in Africa? / Bruce Baker -- Society, reconciliation and conflict transformation in post-war Africa / Andrew Rigby -- Disarmament, demobilization, reinsertion and reintegration in Africa / Joanna Spear -- Multi-party mediation in the Guinea-Bissau civil war / Simon Massey -- Democratic Republic of Congo : problems of the peacekeeping process / Emeric Rogier -- Uganda : the struggle for peace / Oliver Furley -- Elusive settlement : Angola's 'peace processes', 1975-2002 / Norrie MacQueen -- A separate peace : Mozambique, state reconstruction and the search for sustainable democracy / Chris Alden -- Peacemaking in Sudan / Peter Woodward -- Liberia : a durable peace at last? / Gerry Cleaver and Simon Massey -- A long prelude to peace : African involvement in ending Burundi's war / Roger Southall -- A sustainable peace? : Sierra Leone / Bruce Baker and Roy May. 330 $aPost-colonial Africa has seemingly been in an intractable state of conflict and war for a considerable period of time. This volume explores the process by which these wars were ended, discusses the lessons learnt, and examines the sustainability of recently reconciled conflicts to see how far peace solutions are permanent in this region. 606 $aPeace-building$zAfrica 606 $aPolitical stability$zAfrica 606 $aConflict management$zAfrica 607 $aAfrica$xEconomic conditions 608 $aElectronic books. 615 0$aPeace-building 615 0$aPolitical stability 615 0$aConflict management 676 $a327.1/72096 701 $aFurley$b Oliver$0854197 701 $aMay$b Roy$0854198 801 0$bMiAaPQ 801 1$bMiAaPQ 801 2$bMiAaPQ 906 $aBOOK 912 $a9910458071303321 996 $aEnding Africa's wars$91907348 997 $aUNINA